000 00264nam a2200109Ia 4500
005 20251222144900.0
008 251222s9999||||xx |||||||||||||| ||spa||
082 _a818.6/B25
100 _a"Barret, William Edmund"
245 4 _aThe lilies of the field
942 _cLIB
999 _c21936
_d21936